000 01723nam0a2200373 4500
001 RU\NLR\BIBL_A\022034920
005 20250129145537.0
010 _a978-5-7062-0191-3
_92000
021 _aRU
_bКН-П-23-053105
_9КН-П-23-5331
035 _a(NLR Aleph) 022034920
090 _a12551096
_c12551096
100 _a20230925d2023 u y0rusy50 ca
101 0 _arus
_ager
102 _aRU
105 _aa|||ezzz000zy
181 0 _ai
_baxxe
182 0 _an
200 1 _aНемецко-русский и русско-немецкий словарь
_eоколо 26000 слов в каждой части
_fсоставитель Филиппова М. С.
_gредактор: Никитина И. К.
_eдля школьников и студентов
203 _aТекст
_bвизуальный
_cнепосредственный
210 _aСанкт-Петербург
_cVictory
_d2023
215 _a958 с.
_cтабл.
_d18
300 _aНа обл. в подзаг.: Более 52000 слов
606 1 _aНемецкий язык
_xСловари
_xРусский язык
_91696762
_3RU\NLR\AUTH\66754878
606 1 _aРусский язык
_xСловари
_xНемецкий язык
_91537828
_3RU\NLR\AUTH\66971516
686 1 _aШ143.24-491пер
686 1 _aШ141.12-491пер
702 1 _4220
_7ca
_8rus
_aФилиппова
_bМ. С.
_cфилолог, нем. язык
_9122063
_3RU\NLR\AUTH\7712341
702 1 _4340
_7ca
_8rus
_aНикитина
_bИ. К.
_cред. изд-ва
_952090
_3RU\NLR\AUTH\7769162
942 _cBOOK
980 _aNBR
980 _aNB